Tâm lý đạo đức

保存先:
書誌詳細
第一著者: Thích, Chân Quang
フォーマット: 図書
言語:Undetermined
出版事項: Hà Nội Tôn Giáo 2004
主題:
タグ: タグ追加
タグなし, このレコードへの初めてのタグを付けませんか!
Thư viện lưu trữ: Trung tâm Học liệu Trường Đại học Cần Thơ
LEADER 00520nam a2200193Ia 4500
001 CTU_99505
008 210402s9999 xx 000 0 und d
020 |c 85000 
082 |a 294.3 
082 |b Th302 
100 |a Thích, Chân Quang 
245 0 |a Tâm lý đạo đức 
245 0 |c Thích Chân Quang 
260 |a Hà Nội 
260 |b Tôn Giáo 
260 |c 2004 
650 |a Buddhism,Psychology, religious 
904 |i Tuyến 
980 |a Trung tâm Học liệu Trường Đại học Cần Thơ